| 000 | 00451nam a22001697a 4500 | ||
|---|---|---|---|
| 003 | NUST - PNEC | ||
| 005 | 20170116181153.0 | ||
| 008 | 151208b xxu||||| |||| 00| 0 eng d | ||
| 020 | _a- | ||
| 040 | _cLIBRARY | ||
| 082 | _a954.9040 QUR | ||
| 100 |
_915628 _aQureshi, Saleem M. M. |
||
| 245 |
_aJinnah and the making of a nation, _cSaleem M. M. Qureshi, |
||
| 260 | _cc1969. | ||
| 650 |
_915629 _aJinnah, Mahomed Ali, _xGeneral |
||
| 942 |
_2ddc _cBK |
||
| 999 |
_c71058 _d71058 |
||